Gaming Quiz

Random Gaming or Console Quiz

Franchise Partners Quiz Stats

 Plays Quiz Updated Jul 17, 2019

Score 0/20 Timer 05:00
7 Plays Today
Question Answer Wrong Answers
Mario Princess Peach
94.4%
Lara Croft
0.7%
Pikachu Bulbasaur
94.1%
Yoshi
0.9%
Blinky Pacman
94.1%
Kirby
0.9%
Matilda Bomb
94%
Krang
1.1%
Bandjo Kazooie
93.4%
Red Angry Bird
1.5%
Donkey Kong Diddy Kong
92.7%
Aiai Monkey
2.2%
Mega Man Dr. Wily
92.6%
Luigi
2.3%
Link Princess Zelda
90.9%
Rayne
4.1%
Starfox Falco
90%
Rayman
4.9%
Bella Goth Don Lothario
89.9%
Commander Shepard
5.1%
Bonnie MacFarlane John Marston
89.4%
Duke Nukem
5.5%
Raiden Scorpion
84.8%
Devil Jin
10.2%
Trevor Philips Tommy Vercetti
84.7%
Solid Snake
10.1%
Lil Mac Mike Tyson
83.5%
Evander Holyfield
11.5%
Sephiroth Cloud Strife
81%
Giralt of Rivera
14%
Spyro The Dragon Thor
78.9%
King K. Rool
16%
Sonic Dr. Robotnik
74.7%
Crash Bandicoot
20.4%
Ryu Blanca
63.2%
Wolf
31.8%
Master Chief Cortana
59.7%
Sarah Kerrigan
35.3%
Shredder Leonardo
48.8%
Guile
46.1%

You're not logged in!

Compare scores with friends on all Sporcle quizzes.
OR
Log In

Sporcle TV

Today on Sporcle TV


Watch our educational content, quiz creation guides, and fun videos on Sporcle TV.

Show Comments

Extras

Top Quizzes Today


Score Distribution

Your Account Isn't Verified!

In order to create a playlist on Sporcle, you need to verify the email address you used during registration. Go to your Sporcle Settings to finish the process.

Report this User

Report this user for behavior that violates our Community Guidelines.

Details: